000 00819nam a2200265Ia 4500
003 OSt
005 20220925223752.0
006 a|||||r|||| 00| 0
007 ta
008 220923b |||||||| |||| 00| 0 eng d
020 _a9780415567640
_c2720
037 _b145/2011-12, 07/03/2012, PIONEER BOOK DISTRIBUTORS
_cGeneral Book
040 _aRTL
_cRTL
_beng
041 _2eng
_aeng
082 _aX:8, Q2
100 _aFitzroy Peter
_9290286
245 0 _aStrategic management
_b The challenge of creating value
250 _a2
260 _aLondon
_bRoutledge
_c2012
300 _axxxiv, 666p
_ccm.
500 _aBibliography: P 631-34
650 _aCommerce
942 _hX:8, Q2
_cGB
_2CC
999 _c580323
_d580323